1101 1933 1444 1657 1920 1456 1835 1149 1354 1818 1303 1277 1214 1130 1306 1392 1196 1612 1750 1729 1798 1894 1493 1761 1441 1377 1055 1199 1000 1094 1371 1714 1812 1208 1594 1231 1122 1024 1167 1461 1364 1352 1494 1690 1881 1801 1271 1820 1841 1644 1966 1827 1999 1702 1636 1774 1002 1419 1676 1991 1893 1808 1306 1246 1656 1582 1765 1708 1260 1930 1574 1897 1829 1072 1425 1060 1855 1482 1496 1309 1618 1773 1300 1146 1891 1457 1779 1041 1669 1112 1177 1412 1041 1193 1622 1690 1393 1622 1942 BCNSPRNW ULIB Ver.6.0+V

เปลี่ยนเป็นภาษาไทย

Change to English
 แสดงรายละเอียดบรรณานุกรม
  กลับหน้าหลัก

Brief Record : Get Marc (ISO 2709) : E-mail record : QR code < ปิดหน้าต่าง
LEADER : 00000nam 2200000uu 4500
001    13399112316
003     ULIB
008    110627s2554||||th 000 0 tha d
020    9786167268361
090    นว.^bพ716ก 2554
100 0  พิมพ์นรา
245 00 กับดักรักละลายใจ/^cพิมพ์นรา
260    กรุงเทพฯ :^bสีม่วงอ่อน,^c2554
300    272 หน้า
710 1  สีม่วงอ่อน
945    ^p229^l0^i030406
995    ทศพร
999 ^a ใช้งานได้ทุกระบบ
รายการนี้ยังไม่มีแท็ก
คุณยังไม่ได้ล็อกอิน คุณสามารถมีกิจกรรมร่วมกับเว็บไซต์ได้ แต่ต้องล็อกอินก่อน ::
  ล็อกอิน

รายการสื่อสารสนเทศ

ลำดับที่ ประเภท เลขเรียก/บาร์โค้ด สถานที่ สถานะ
- ไม่พบข้อมูล -

BibComment


ยังไม่เคยถูกคอมเมนท์

คอมเมนท์ทรัพยากรรายการนี้
  คอมเมนท์: กับดักรักละลายใจ ..


 Copyright 2026. Bcnsprnw @Library